La formacion del latifundio ganadero en los llanos de apure: 1750-1800
Gardado en:
| Autor Principal: | |
|---|---|
| Formato: | Libro |
| Idioma: | Lingua castelá |
| Publicado: |
Caracas
Academia Nacional de la Historia
1987
|
| Series: | Biblioteca de la Academia Nacional de la Historia, 193
|
| Subjects: | |
| Tags: |
Engadir etiqueta
Sen Etiquetas, Sexa o primeiro en etiquetar este rexistro!
|
MARC
| LEADER | 00000nam a2200000 a 4500 | ||
|---|---|---|---|
| 001 | UCV0816 | ||
| 003 | CL-VaPUC | ||
| 008 | 890508e19870000VE |||||||||||||||||spa|d | ||
| 082 | 0 | 4 | |a 987 |b ROD |2 21 |
| 100 | 0 | |a Rodriguez Mirabal, Adelina C |e author |9 295120 | |
| 245 | 1 | 3 | |a La formacion del latifundio ganadero en los llanos de apure: 1750-1800 |
| 300 | |a 371 p | ||
| 942 | |c BK | ||
| 945 | |d 19890508 00:00:00 | ||
| 260 | |a Caracas |b Academia Nacional de la Historia |c 1987 | ||
| 650 | 7 | |a HISTORIA 1647 - 1800 |2 CL-VaPUC |9 255535 | |
| 651 | 0 | |a Venezuela |9 254993 | |
| 583 | |a last modification |c 19890508 00:00:00 |k Rodrigo Vera | ||
| 490 | 0 | |a Biblioteca de la Academia Nacional de la Historia, 193 | |
| 999 | |c 209010 |d 209008 | ||
| 952 | |0 0 |1 0 |4 0 |6 987_000000000000000_ROD_1987 |7 0 |8 DER_HDC |9 184102 |a BIBDER |b BIBDER |d 2019-11-14 |i 2512688 |o 987 ROD 1987 |p 2512688 |r 2023-01-25 |w 2019-11-14 |x Ubicación 4to Piso |y BK |z Estos recursos deben solicitarse con anticipación |k DER | ||